| 000 | 00935nam a22002417a 4500 | ||
|---|---|---|---|
| 999 |
_c7741 _d7741 |
||
| 003 | AR-CdUCM | ||
| 008 | 190321b ||||| |||| 00| 0 spa d | ||
| 040 |
_aMUNICIPALIDAD PROVINCIAL DEL CUSCO _cBIBLIOTECA MUNICIPAL DEL CUSCO |
||
| 041 | _heng | ||
| 082 |
_a575.1 / _bM45 |
||
| 100 |
_aMettler, Lawrence E. _921874 |
||
| 245 | _aGenética de las poblaciones y evolución / | ||
| 260 |
_aMéxicpo D. F. : _bUTEHA, _c1972. |
||
| 300 |
_aXIII, 245 páginas ; _bilustraciones, figuras, _c23 cm. |
||
| 505 | _aContenido: La teoría de la evolución -- Descifrando la diversidad de la vida -- El gen en los demos -- Variación genética y su origen -- Selección natural ... | ||
| 650 |
_aGenética _95063 |
||
| 650 |
_aEvolución _97012 |
||
| 650 |
_aCiencias de la vida _918803 |
||
| 700 |
_aSauza, Humberto (traducción) _921875 |
||
| 710 |
_aCentro Regional de ayuda Técnica - AID. _921728 |
||
| 942 |
_2ddc _cLIBROS |
||
| 945 | _aachl | ||